| 000 | 00890nam a2200277 a 4500 | ||
|---|---|---|---|
| 001 | 25884 | ||
| 003 | BD-RjUL | ||
| 005 | 20211209050936.0 | ||
| 008 | 140319s1988 ii b 001 0 eng d | ||
| 020 | _a0195622049 : | ||
| 035 | _a(BD-RjUL) 25954 | ||
| 040 |
_aDLC _cDLC _dDLC _dBD-RjUL _beng |
||
| 041 | _aeng | ||
| 082 | 0 | 0 |
_a954.03 _219 _bHEI 1988 |
| 100 | 1 |
_aHeehs, Peter. _946220 |
|
| 245 | 1 | 0 |
_aIndia's freedom struggle, 1857-1947 : _ba short history / _cPeter Heehs. |
| 260 |
_aDelhi ; _aNew York : _bOxford University Press, _c1988. |
||
| 300 |
_aix, 199 p. ; _c22 cm. |
||
| 504 | _aBibliography: p. [187]-189. and Index | ||
| 650 | 0 |
_aNationalism _zIndia _xHistory. _943071 |
|
| 651 | 0 |
_aIndia _xPolitics and government _y1857-1919. _96299 |
|
| 651 | 0 |
_aIndia _xPolitics and government _y1919-1947. _979534 |
|
| 942 |
_2ddc _cBK |
||
| 999 |
_c25884 _d25884 |
||